[Event "Yingmei CHN-chT 2018"]
[Site "Shenzhen"]
[Date "2018.04.14"]
[Round "4"]
[White "Li, Ruofan"]
[Black "Huang, Qian"]
[Result "1-0"]
[WhiteElo "2328"]
[BlackElo "2440"]
[Annotator "TA"]
[PlyCount "97"]
[EventDate "2018.??.??"]
[EventCountry "CHN"]
[SourceTitle "playchess.com"]
[Source "ChessBase"]
[SourceQuality "1"]

{[%evp 23,97,18,23,0,0,-13,0,0,29,18,39,54,91,69,107,77,168,181,180,200,185,196,295,187,189,190,188,186,177,179,175,193,202,194,189,191,192,119,134,122,158,141,116,77,122,37,206,206,197,107,84,85,71,8,8,12,12,14,238,124,130,39,25,43,71,52,676,660,648,697,1562,1439,2091,2066,5683,5619]} 1. d4 d5 2. c4 c6 3. cxd5 cxd5 4. Bf4 Nf6 5. Nc3 Nc6 6. e3 Bf5 7. Qb3 Na5 8. Qa4+ {D10: Slav Defence: 3 cxd5 (without early Nf3) and 3 Nc3} Bd7 9. Qc2 e6 10. Nf3 Nh5 11. Bg5 {[%cal Bf4g5,Bg5h4,Bh4g3][%mdl 32]} f6 12. Bh4 g5 {LiveBook: 3 Games} 13. Bg3 Rc8 14. Bd3 Bb4 {[#]} 15. Bxh7 $146 {Ne5! is the strong threat.} ({Predecessor:} 15. O-O g4 {½-½ (30) Nguyen,N (2621)-Anand,V (2785) Dubai 2014}) 15... Ke7 (15... Bb5 $5) 16. Bd3 $1 Nxg3 17. fxg3 g4 18. Nh4 $36 {[%mdl 2048] Hoping for Ng6+. White has some pressure.} Rh6 19. O-O Bxc3 (19... Qh8 $16 {might work better.}) 20. bxc3 $18 f5 {[#]} 21. e4 $1 {[%mdl 512]} dxe4 {[#]} 22. Bxe4 $1 {[%cal Rh4f5][%mdl 512] Threatens to win with Nxf5+!} fxe4 (22... Qh8 {is a better defense.} 23. Bxf5 exf5) 23. Qxe4 {White wants to mate with Nf5+.} Rxh4 24. gxh4 Bc6 25. Qxg4 Qg8 26. Qg5+ Qxg5 27. hxg5 Nc4 28. Rae1 Bd5 29. h4 Nd6 30. Re3 (30. Rf4 $18) 30... Rg8 31. a3 b5 32. g4 a5 33. Kh2 a4 34. Rf5 (34. Kg3 $16) 34... Kd7 $2 ({Black should play} 34... Nxf5 $14 35. gxf5 Kf7) 35. Rf2 Ke7 36. Rh3 (36. Kh3 $18) 36... Nc4 37. h5 Rxg5 38. h6 (38. Kg3 $1 $16) 38... Rg8 $11 39. Rf4 {Strongly threatening h7.} Nd6 $1 40. Rh5 Be4 $2 {[#]} (40... Rh8 $11 {and Black has nothing to worry.}) 41. Re5 (41. Rc5 $1 $18) 41... Bd5 $16 42. Kh3 ({Better is} 42. g5 $16 Rh8 43. Re3) 42... Nf7 $14 43. Rh5 {aiming for h7.} Rc8 44. Kh4 {And now h7 would win.} Nh8 $2 {[%mdl 8192]} ({Don't blunder} 44... Rxc3 $2 {[#]} 45. Rxf7+ $1 {[%mdl 512]} Kxf7 46. h7 $18) (44... Bc4 $14) 45. Rg5 $18 {White is clearly winning.} Bb3 46. h7 e5 47. dxe5 Bf7 48. Rf6 Rxc3 49. Rg8 {Precision: White = 52%, Black = 33%.} 1-0

[Event "Yingmei CHN-chT 2018"]
[Site "Shenzhen"]
[Date "2018.04.14"]
[Round "4"]
[White "Zhu, Jiner"]
[Black "Ju, Wenjun"]
[Result "0-1"]
[WhiteElo "2313"]
[BlackElo "2568"]
[Annotator "TA"]
[PlyCount "124"]
[EventDate "2018.??.??"]
[EventCountry "CHN"]
[SourceTitle "playchess.com"]
[Source "ChessBase"]
[SourceQuality "1"]

{[%evp 23,124,-19,0,-11,-8,-10,-9,-13,-11,-11,-8,-23,-20,-22,-17,-27,0,-49,-44,-84,-40,-27,-27,-47,-40,-47,-32,-270,-260,-258,-257,-232,-232,-227,-227,-269,-268,-260,-253,-268,-276,-268,-273,-266,-271,-265,-239,-294,-308,-297,-295,-291,-279,-343,-350,-389,-374,-382,-372,-364,-360,-370,-371,-365,-288,-401,-402,-533,-532,-494,-409,-381,-395,-394,-385,-445,-445,-478,-217,-427,-427,-425,-396,-1550,-1618,-3842,-2778,-3364,-3818,-1686,-1687,-4137,-4137,-29978,-1331,-29977,-29974,-29980,-29982,-29982,-29983,-29983,-29984]} 1. e4 e6 2. d4 d5 3. Nc3 Nf6 4. e5 Nfd7 5. f4 c5 6. Nf3 Nc6 7. Be3 Be7 8. Qd2 b6 {C11: French: Classical System: 4 e5 and 4 Bg5 dxe4} (8... a6 9. a3 b5 10. Bd3 Bb7 11. O-O O-O 12. Kh1 f5 13. Qf2 Rc8 14. Rg1 b4 15. axb4 Nxb4 16. g4 g6 17. gxf5 Nxd3 18. cxd3 Rxf5 {0-1 (40) Kasparov,G (2812)-Caruana,F (2807) Saint Louis 2017}) 9. Be2 O-O 10. O-O f5 11. exf6 Nxf6 12. Bb5 Qc7 {LiveBook: 5 Games} 13. Bxc6 Qxc6 14. Ne5 Qc7 15. Qe2 Bb7 $146 ({Find the theoretical novelty and annotate with similar games:} 15... Bd7 16. Rae1 Rae8 {½-½ (43) Wegerle,J (2467)-Poetsch,H (2395) Germany 2010}) 16. Rad1 a6 17. Kh1 Rac8 18. a4 Nd7 {[%cal Bf6d7,Bd7c5,Bc5e4][%mdl 32]} 19. Qg4 Rf5 {[%cal Rd7e5]} 20. a5 bxa5 {[%cal Rd7e5]} 21. dxc5 Bxc5 22. Bxc5 Nxc5 23. Ne2 Rcf8 24. h3 Ne4 25. Nd4 $2 ({Better is} 25. Ng3 $1 $15) 25... h5 $1 $19 {[%cal Rh5g4]} 26. Qg6 R5f6 27. Nxe6 Rxg6 28. Nxc7 Rd6 $1 ({Weaker is} 28... Rb6 29. Kg1 $15) 29. Kh2 Rc8 30. Rfe1 Nf6 ({But not} 30... Rxc7 31. Rxe4 $1 {[%mdl 512]} Rxc2 32. Red4 $19) 31. Nc4 {[#]} Rd7 $1 ({Less strong is} 31... dxc4 32. Rxd6 Rxc7 33. c3 $17) 32. Nb6 {Threatens to win with Ne8!} Rdxc7 33. Nxc8 Bxc8 34. c3 Bd7 35. Rd3 Rb7 36. Rd2 a4 37. Rc1 Bb5 38. f5 Bc4 39. g3 Kf7 40. Ra1 Bb3 41. Rg2 Ne4 42. g4 hxg4 43. Rxg4 Nd6 44. Rf1 Bc2 45. Rf2 Rxb2 46. Rxa4 Bxa4 47. Rxb2 Bb5 48. Kg3 Nxf5+ 49. Kf4 Kf6 50. Rd2 Ne7 (50... g5+ $142 51. Kg4 a5) 51. Rb2 $2 (51. h4 {was worth a try.}) 51... g5+ 52. Kg4 Bd7+ 53. Kh5 $2 (53. Kg3) 53... Bxh3 54. Rb6+ Be6 55. Rxa6 Nf5 56. Kg4 Nd4+ 57. Kh5 Ne2 58. Ra3 Nf4+ 59. Kh6 g4 {[%cal Bg5g4,Bg4g3,Bg3g2][%mdl 32] Black mates.} 60. Ra7 g3 61. Rg7 g2 62. Rg5 Bh3 {Precision: White = 38%, Black = 82%.} 0-1

[Event "Yingmei CHN-chT 2018"]
[Site "Shenzhen"]
[Date "2018.04.14"]
[Round "4"]
[White "Zhai, Mo"]
[Black "Zhou, Zirun"]
[Result "1/2-1/2"]
[WhiteElo "2310"]
[BlackElo "1993"]
[Annotator "TA"]
[PlyCount "152"]
[EventDate "2018.??.??"]
[EventCountry "CHN"]
[SourceTitle "playchess.com"]
[Source "ChessBase"]
[SourceQuality "1"]

{[%evp 19,152,23,21,22,18,10,30,20,27,7,43,32,62,64,57,63,61,62,65,65,65,72,87,95,202,66,91,85,85,76,79,52,59,59,54,50,103,100,116,89,139,140,150,162,212,135,245,153,318,313,422,406,482,495,495,443,464,464,379,216,208,209,194,100,121,136,144,11,18,15,13,18,18,5,6,0,0,0,2,0,8,8,8,8,61,8,8,0,0,0,0,0,4,4,6,0,0,0,0,0,0,0,0,0,3,0,3,0,8,8,8,8,8,8,8,8,8,0,0,0,0,0,0,0,0,0,0,0,0,0,0,0,0,0,0]} 1. d4 Nf6 2. c4 e6 3. Nf3 d5 4. Bg5 Be7 5. Nc3 Nbd7 6. e3 O-O 7. Qc2 c6 8. Bd3 h6 9. Bh4 b6 {D61: Queen's Gambit Declined: Classical: 7 Qc2} (9... dxc4 10. Bxc4 b5 11. Bd3 a6 12. Ne4 Bb7 13. Bxf6 Nxf6 14. Nxf6+ Bxf6 15. Bh7+ Kh8 16. Be4 Rc8 17. b4 Qe7 18. Rb1 {1-0 (52) Vitiugov,N (2721)-Khismatullin,D (2617) Sochi 2016}) 10. cxd5 cxd5 {LiveBook: 3 Games} 11. O-O Bb7 12. a4 $146 ({Predecessor:} 12. Rac1 Rc8 13. Bg3 Nh5 14. Be5 Nhf6 15. Bf4 Ne4 16. Bxe4 dxe4 17. Nd2 {1-0 (36) Nikolov,M (2515)-Friedrich,N (2316) Bad Woerishofen 2014}) 12... a5 13. Rfc1 Rc8 14. Qb3 Nb8 15. Ne5 Nfd7 16. Nxd7 Nxd7 17. Bg3 Nb8 18. Nb5 {Threatens to win with Rxc8.} Nc6 19. Rc3 Qd7 20. Rac1 Ba6 21. h3 Bb4 {[#]} (21... Rfd8 $16) 22. R3c2 (22. Nd6 $1 $18 Bxd3 23. Nxc8 Bxc3 24. Nxb6 (24. Qxc3 Rxc8 25. Qxd3 Ne7 $11)) 22... Bb7 23. Be2 Rfd8 24. Bf4 Qe7 25. Bf3 Qd7 26. g4 Qe7 27. Kg2 g5 (27... Qd7 $14) 28. Bg3 $16 Kg7 29. Qd3 Qd7 30. Qd1 Ba6 31. Be2 Bb7 32. Qh1 Qe7 (32... e5 $16 {keeps fighting.}) 33. Qh2 Rd7 $2 (33... e5 $16 34. Bd3 (34. dxe5 d4 $11) 34... e4) 34. Bd3 f6 35. h4 Kg8 36. hxg5 hxg5 37. Qh6 Qf7 38. Rh1 {[%csl Gh1][%cal Rh6h8] [#]} Qg7 39. Qxg7+ (39. Qh5 $142) 39... Rxg7 $18 40. Rh6 Be7 41. Bg6 (41. Nd6 $18 Bxd6 42. Bxd6) 41... Rxg6 42. Rxg6+ Kh7 43. Rxf6 (43. Nd6 $16 Bxd6 44. Rxf6) 43... Bxf6 $11 44. Nd6 $1 {[%csl LRb7,LRc8]} Nxd4 $1 45. Rxc8 Bxc8 46. Nxc8 {[%mdl 4096] Endgame KBN-KBN} Nb3 47. Bc7 Bxb2 {...b5! is the strong threat.} 48. Bxb6 Ba3 49. Bd8 Kh6 50. Na7 Bb4 51. Nc6 Bc3 (51... Nc5 $11) 52. Be7 ({White should try} 52. Bb6 $1 $14) 52... Kg6 $1 {The position is equal.} 53. Kf3 Bf6 54. Bd6 Nd2+ 55. Ke2 Nc4 56. Bc7 Nb2 57. Nxa5 Nxa4 58. Nc6 Nc3+ 59. Kd3 Ne4 60. f3 Nc5+ 61. Ke2 Nd7 62. Bd6 Kf7 63. f4 gxf4 64. exf4 Bg7 65. Kf3 Bf8 66. Bc7 Kg6 67. Nd8 Kf6 68. g5+ Kf5 69. Nc6 {aiming for Nd4+.} Bc5 70. Kg3 d4 71. Kf2 Nf8 72. Ke2 Ng6 73. Kd3 Nxf4+ 74. Bxf4 Kxf4 75. g6 Bf8 76. Nxd4 Ke5 {Precision: White = 57%, Black = 46%.} 1/2-1/2

[Event "Yingmei CHN-chT 2018"]
[Site "Shenzhen"]
[Date "2018.04.14"]
[Round "4"]
[White "Chu, Ruotong"]
[Black "Lei, Tingjie"]
[Result "1/2-1/2"]
[WhiteElo "2284"]
[BlackElo "2537"]
[Annotator "TA"]
[PlyCount "70"]
[EventDate "2018.??.??"]
[EventCountry "CHN"]
[SourceTitle "playchess.com"]
[Source "ChessBase"]
[SourceQuality "1"]

{[%evp 19,70,19,0,0,0,0,17,0,0,0,0,-3,36,13,13,13,13,13,14,18,26,16,33,-34,-33,-45,-54,-43,-50,-28,-28,-28,-28,-28,-38,-38,-6,-5,-4,-7,-2,-4,-2,-4,0,0,0,0,3,4,7,8,8]} 1. d4 Nf6 2. c4 e6 3. g3 d5 4. Bg2 dxc4 5. Nf3 Bb4+ 6. Bd2 a5 7. Qc2 {E04: Open Catalan: 5 Nf3} Bxd2+ 8. Qxd2 c6 9. a4 Ne4 10. Qf4 Qb6 {LiveBook: 8 Games} 11. Nbd2 Nxd2 $1 ({Don't blunder} 11... Qxb2 $2 12. Rb1 $18) 12. Nxd2 $146 ({Predecessor:} 12. Qxd2 O-O 13. O-O c5 14. Rfc1 Nc6 15. dxc5 Qxc5 {½-½ (40) Matlakov,M (2691)-Predke,A (2550) Kolomna 2016}) 12... Qb4 ({Don't play} 12... Qxb2 13. O-O $16) 13. O-O Nd7 {[%cal Bb8d7,Bd7b6,Bb6a4][%mdl 32]} 14. Rfc1 Nb6 15. Qe3 Bd7 16. Qc3 {Black should prevent Qxb4.} Nxa4 17. Qxb4 axb4 18. Rxc4 Ke7 19. Rxb4 b5 20. Rb3 Rac8 21. Rc1 (21. Ne4 $14) 21... c5 $15 22. dxc5 Nxc5 23. Rbc3 Na4 24. Rxc8 Rxc8 25. Rxc8 Bxc8 {[%mdl 4096] Endgame KBN-KBN} 26. b4 Nc3 27. e3 Na2 28. Nb1 {The position is equal.} Bd7 29. Na3 e5 (29... Nxb4 $5 30. Bf1 $8 e5 $11) 30. Bf1 Nc3 31. f4 Kd6 32. Kf2 exf4 33. exf4 Bc6 34. Ke3 Nd5+ 35. Kd4 Nxb4 {Precision: White = 75%, Black = 68%.} 1/2-1/2

[Event "Yingmei CHN-chT 2018"]
[Site "Shenzhen"]
[Date "2018.04.14"]
[Round "4"]
[White "Zhao, Chenxi"]
[Black "Xu, Xiangyu"]
[Result "1/2-1/2"]
[WhiteElo "2275"]
[BlackElo "2574"]
[Annotator "TA"]
[PlyCount "77"]
[EventDate "2018.??.??"]
[EventCountry "CHN"]
[SourceTitle "playchess.com"]
[Source "ChessBase"]
[SourceQuality "1"]

{[%evp 15,77,16,22,-11,0,-6,0,12,27,-47,-40,-63,-67,-77,-67,-105,-103,-104,-104,-103,-99,-99,-99,-99,-104,-104,-107,-120,-111,-127,-122,-122,-121,-118,-100,-110,-99,-99,-99,-99,-99,-99,-87,-99,-99,-99,-69,-99,-99,-99,0,-91,0,0,0,0,0,0,0,-64,0,0,0,0]} 1. e4 e5 2. Nf3 Nc6 3. Bb5 g6 4. d4 exd4 5. Bg5 Be7 6. Bxe7 {C60: Ruy Lopez: Unusual Black 3rd moves and 3...g6} Qxe7 7. Bxc6 dxc6 8. Qxd4 Nf6 {LiveBook: 122 Games} 9. Nbd2 (9. Nc3 {with more complications.} Bg4 10. Nd2 c5 11. Qe3 O-O-O 12. h3) (9. Nc3 Bg4 10. Nd2 c5 11. Qe3 O-O-O 12. f3 Be6 13. O-O-O b6 14. g4 Nd7 15. h3 Ne5 16. f4 Nc6 17. Nf3 {0-1 (34) Guseinov,G (2645)-Carlsen,M (2832) chess.com INT 2017}) 9... O-O 10. O-O Rd8 $146 ({Predecessor:} 10... c5 11. Qe3 Be6 12. Rfe1 b6 13. h3 Kg7 {½-½ (41) Fuchs,F (2120)-Kahn,P (2111) Siebenlehn 2012}) 11. Qe3 Bg4 12. Qg5 ({White should try} 12. Rae1 $11) 12... Bxf3 $15 13. Nxf3 Re8 $1 14. Rfe1 Nxe4 15. Qxe7 Rxe7 16. Nd2 Rae8 17. Nxe4 Rxe4 $17 {[%mdl 4096] Endgame KRR-KRR} 18. Kf1 Kf8 19. Rxe4 Rxe4 {KR-KR} 20. Rd1 Ke7 21. Re1 Re6 22. Rxe6+ Kxe6 {KP-KP} 23. Ke2 Kd5 24. Kd3 f6 25. f3 b6 26. g3 h6 {[%cal Bh7h6,Bh6h5][%mdl 32]} 27. a3 Ke5 28. Ke3 Kf5 29. h3 h5 30. f4 g5 31. b3 a5 32. c4 Ke6 (32... g4 $17 33. h4 c5) 33. Ke4 {[#]} (33. fxg5 $11 fxg5 34. Ke4) 33... b5 (33... f5+ $1 $17 34. Ke3 g4) 34. a4 $11 bxa4 35. bxa4 c5 36. h4 f5+ ({Black should play} 36... gxh4 $11 37. gxh4 f5+ 38. Kd3 Kf7) 37. Ke3 $15 gxf4+ (37... g4 $1 $15) 38. gxf4 $11 c6 39. Kf3 {Precision: White = 60%, Black = 54%.} 1/2-1/2

[Event "Yingmei CHN-chT 2018"]
[Site "Shenzhen"]
[Date "2018.04.14"]
[Round "4"]
[White "Ren, Xiaoyi"]
[Black "Li, Xueyi"]
[Result "1/2-1/2"]
[WhiteElo "2263"]
[BlackElo "2275"]
[Annotator "NA RC"]
[PlyCount "60"]
[EventDate "2018.??.??"]
[EventCountry "CHN"]
[SourceTitle "playchess.com"]
[Source "ChessBase"]
[SourceQuality "1"]
[TimeControl "5400+30"]

1. d4 d5 2. c4 c6 3. Nf3 Nf6 4. Nc3 e6 5. e3 Nbd7 6. Qc2 Bd6 7. Bd3 O-O 8. O-O e5 9. cxd5 cxd5 10. e4 exd4 11. Nxd5 Nxd5 12. exd5 h6 13. Nxd4 Qh4 {D46: Semi-Slav: 5 e3 Nbd7 6 Bd3, Black avoids the Meran} 14. Nf3 Qh5 $1 {LiveBook: 59 Games} 15. Bh7+ Kh8 16. Qf5 Qxf5 17. Bxf5 Nf6 18. Bxc8 (18. Bd3 Bg4 19. Rd1 Rac8 20. h3 Bxf3 21. gxf3 {½-½ (32) Wang,H (2690)-Ding,L (2759) China 2017}) 18... Rfxc8 19. Rd1 Rd8 20. Be3 Bf8 {[#]} {Find the theoretical novelty and annotate with similar games:} 21. d6 $146 Rxd6 22. Rxd6 Bxd6 {½-½ (32) Gustafsson,J (2629)-Van Wely,L (2654) Bangkok 2016} 23. Rd1 Bc7 24. h3 a6 25. Kf1 Kg8 26. Rc1 Bd6 27. Rd1 Bc7 $11 28. Rc1 Bd6 29. Rd1 Bc7 30. Rc1 Bd6 1/2-1/2

[Event "Yingmei CHN-chT 2018"]
[Site "Shenzhen"]
[Date "2018.04.14"]
[Round "4"]
[White "Gu, Tianlu"]
[Black "Ning, Kaiyu"]
[Result "1/2-1/2"]
[WhiteElo "2171"]
[BlackElo "2176"]
[Annotator "TA"]
[PlyCount "59"]
[EventDate "2018.??.??"]
[EventCountry "CHN"]
[SourceTitle "playchess.com"]
[Source "ChessBase"]
[SourceQuality "1"]

{[%evp 13,59,13,23,10,19,12,22,27,35,25,19,2,15,0,-10,-10,0,-18,-16,-31,-30,-30,-30,-25,-30,-45,-10,-12,16,17,22,20,23,0,0,0,0,-30,0,-12,10,10,12,0,10,0,16,0]} 1. e4 d5 2. exd5 Qxd5 3. Nc3 Qa5 4. g3 c6 5. Bg2 Nf6 6. Nge2 Bf5 7. O-O e6 {LiveBook: 5 Games} 8. Nd4 {B01: Scandinavian Defence} (8. d3 Be7 9. h3 h6 10. Be3 O-O 11. a3 Nd5 12. Nxd5 exd5 13. Qd2 Qxd2 14. Bxd2 Bf6 15. Bc3 Bxc3 16. Nxc3 {½-½ (29) Strzemiecki,Z (2429)-Kolago,M (2344) Szklarska Poreba 2013}) 8... Bg6 9. a3 Qb6 10. Nf3 $146 ({Predecessor:} 10. Nb3 Bd6 11. d3 Nbd7 12. Be3 Qc7 13. Ne4 Nxe4 14. dxe4 e5 15. Qd2 Nf6 {½-½ (28) Ebeling,J (2152)-Francis,P (2099) Baunatal 2000}) 10... Nbd7 11. d3 Be7 12. h3 h6 13. b4 O-O 14. Rb1 a6 15. Qe1 Rac8 16. Be3 Qc7 17. Bf4 Bd6 18. Bxd6 Qxd6 19. Ne4 Bxe4 20. dxe4 {[#] Threatens to win with e5.} e5 21. Qe3 Rfd8 22. Rfd1 Qc7 23. Nh4 Nf8 24. Nf5 Ne6 25. Bf3 c5 26. c3 {The position is equal.} Ne8 27. Rd5 Nf6 28. Rdd1 Ne8 29. Rd5 Nf6 30. Rdd1 {Precision: White = 40%, Black = 44%.} 1/2-1/2

[Event "Yingmei CHN-chT 2018"]
[Site "Shenzhen"]
[Date "2018.04.14"]
[Round "4"]
[White "Yang, Yijing"]
[Black "Zhao, Shengxin"]
[Result "1/2-1/2"]
[WhiteElo "1987"]
[BlackElo "2186"]
[Annotator "TA"]
[PlyCount "83"]
[EventDate "2018.??.??"]
[EventCountry "CHN"]
[SourceTitle "playchess.com"]
[Source "ChessBase"]
[SourceQuality "1"]

{[%evp 20,83,20,25,110,124,184,85,95,93,155,103,146,140,155,144,175,181,140,113,287,291,276,164,159,151,162,139,163,158,181,135,132,122,181,0,128,0,167,0,8,10,43,-2,-10,-7,-16,-105,-101,-77,-65,-295,-91,-101,-89,-98,-82,-95,0,-145,0,0,-1,-1,0,0]} 1. d4 d5 2. c4 dxc4 3. Nf3 Nf6 4. e3 a6 5. Bxc4 b5 6. Bd3 e6 7. O-O c5 8. a4 b4 9. b3 Bb7 10. Bb2 Nbd7 11. Nbd2 {LiveBook: 3 Games} a5 $146 {D26: Queen's Gambit Accepted: 4 e3 e6 5 Bxc5 c5 sidelines} (11... cxd4 $11 12. Bxd4 (12. Nxd4 Rc8 $11) 12... Bc5) ({Predecessor:} 11... Be7 12. Qe2 cxd4 13. Bxd4 Nc5 14. Bc4 O-O 15. Rac1 Qa5 16. Ne5 Rfc8 17. Nd3 Nce4 18. Nxe4 Nxe4 19. Qb2 {1-0 (35) Nguyen Huynh Minh,H (2466)-Nikcevic,N (2429) Budapest 2014}) 12. Bb5 $16 Ba6 (12... cxd4 $16 13. Nxd4 Bc5) 13. Bxa6 (13. Qe2 $18 {has better winning chances.} Bxb5 14. axb5 (14. Qxb5 Rb8 $14)) 13... Rxa6 {White is better.} 14. Qe2 Ra8 (14... Qa8 $142) 15. Nc4 (15. Rac1 $142) 15... cxd4 16. Bxd4 (16. exd4 $6 Nd5 $11) 16... Be7 17. Rfd1 {aiming for Bxf6.} Qc7 18. Rac1 {Nb6 is the strong threat.} Qb7 19. Nb6 Rd8 $2 (19... Nxb6 $16 20. Qb5+ Qd7) 20. Qb5 $18 O-O 21. Bxf6 (21. Qxa5 $6 Ne4 $16) (21. Nc8 $142 Qxc8 22. Rxc8 Rxc8 23. Qxa5) 21... Nxf6 22. Nd5 ({Inferior is} 22. Qxa5 Rxd1+ 23. Rxd1 Bd8 $17) 22... Qa7 23. Nxe7+ Qxe7 24. Qxa5 Nd5 25. Qc5 Qb7 {next ...Rc8 is good for Black.} 26. Qc6 Qe7 (26... Qb8 $16) 27. Qc5 ({White should try} 27. Rc4 $18) 27... Qb7 $1 $16 {Black wants to play ...Rc8.} 28. Qc6 Qe7 $1 29. Nd4 $2 (29. Rc4 $18) 29... Nc3 $11 30. Re1 Rc8 31. Qf3 e5 32. Nf5 $1 {[%cal Rf5e7]} Qe6 $1 33. Ra1 ({Don't blunder} 33. Qg4 $2 g6 $19) (33. e4 $1 $11) 33... g6 $36 {[%mdl 2048] Black is on the roll.} 34. Ng3 ({Wrong is} 34. Nh6+ $2 Kg7 $19) 34... Qxb3 {And now ...Qc4 would win.} 35. a5 $2 (35. Ne4 $1 $15) 35... Qe6 $2 (35... Qc4 $19 {is more deadly. White must now prevent ...b3.} 36. Qf6 Rfe8) 36. Ne4 {[#]} b3 $1 {[%cal Rb3b2]} 37. Nxc3 Rxc3 38. Qb7 {[#]} Qc8 (38... Rcc8 $1 $17 {Threatens to win with ...Rb8.} 39. Qb4 Rb8) 39. Qb5 (39. Qb4 $1 $11) 39... Qc7 (39... Qb8 $17 40. Qf1 b2) 40. a6 $1 $11 {[%cal Ba5a6,Ba6a7][%mdl 32] The position is equal.} Rb8 41. Qe2 b2 42. a7 {Precision: White = 47%, Black = 40%.} 1/2-1/2